[Event "Dortmund Sparkassen op-B 47th"]
[Site "Dortmund"]
[Date "2019.07.13"]
[Round "1"]
[White "Hofmann, Benjamin"]
[Black "Raskin, Vitaly"]
[Result "1/2-1/2"]
[WhiteElo "1493"]
[BlackElo "1720"]
[PlyCount "106"]
[EventDate "2019.07.13"]
[EventType "swiss"]
[EventRounds "9"]
[EventCountry "GER"]
[SourceTitle "CBM 192 Extra"]
[Source "Chessbase"]
[SourceDate "2019.11.06"]
[SourceVersion "1"]
[SourceVersionDate "2019.11.06"]
[SourceQuality "1"]

1. e4 e5 2. Nf3 Nc6 3. Bc4 d6 4. c3 Bg4 5. d3 Nf6 6. Nbd2 Be7 7. h3 Bh5 8. 0-0 0-0 9. Re1 a6 10. Bb3 b5 11. Nf1 Na5 12. Bc2 c5 13. Ng3 Bg6 14. Be3 Qc7 15. Rc1 Nc6 16. Qd2 Rfd8 17. d4 cxd4 18. cxd4 d5 19. Qe2 dxe4 20. Nxe5 Nxd4 21. Bxd4 Rxd4 22. Nxg6 hxg6 23. Bxe4 Rxe4 24. Nxe4 Qa5 25. Nxf6+ Bxf6 26. b3 Rd8 27. Red1 Bd4 28. Rd3 Bf6 29. Rxd8+ Qxd8 30. Re1 Qa5 31. Rd1 Qa3 32. Qe8+ Kh7 33. Qxf7 Qxa2 34. Rd7 Qa1+ 35. Kh2 Qe5+ 36. g3 Qf5 37. Kg2 Qe4+ 38. Kf1 Qh1+ 39. Ke2 Qe4+ 40. Kd2 Qf3 41. Qe6 Qxf2+ 42. Qe2 Qxg3 43. Rd3 Qc7 44. Qe4 Bg5+ 45. Ke2 Qc2+ 46. Kf3 Qh2 47. Qg4 Bh6 48. Qg2 Qe5 49. Qg4 Qe1 50. Rd6 Qc3+ 51. Kg2 Qc2+ 52. Kh1 Qb1+ 53. Kg2 Qc2+ 1/2-1/2

[Event "Regionalliga NO 0809"]
[Site "Bayern"]
[Date "2009.03.29"]
[Round "9.6"]
[White "Hofmann, Benjamin"]
[Black "Behrens, Kai"]
[Result "1/2-1/2"]
[WhiteElo "1946"]
[BlackElo "1860"]
[PlyCount "76"]
[EventDate "2008.10.05"]
[EventType "team-tourn"]
[EventRounds "9"]
[EventCountry "GER"]
[SourceTitle "EXT 2020"]
[Source "ChessBase"]
[SourceDate "2019.10.17"]
[SourceVersion "1"]
[SourceVersionDate "2019.10.17"]
[SourceQuality "1"]
[WhiteTeam "Grossenseebach"]
[BlackTeam "Kareth Lappersdorf"]
[WhiteTeamCountry "GER"]
[BlackTeamCountry "GER"]

1. e4 e5 2. Nf3 d6 3. d4 Nd7 4. Bc4 c6 5. a4 Be7 6. Nc3 Ngf6 7. dxe5 dxe5 8. 0-0 0-0 9. Qe2 Qc7 10. Nh4 Nc5 11. Nf5 Bxf5 12. exf5 a6 13. a5 Ncd7 14. g4 Bb4 15. g5 Ne8 16. Ne4 g6 17. f6 Bxa5 18. f4 b5 19. Bd3 Bb6+ 20. Kh1 Nd6 21. Nxd6 Qxd6 22. f5 Nc5 23. Qf3 Rfe8 24. fxg6 Nxd3 25. gxf7+ Kxf7 26. Qh5+ Ke6 27. Qh3+ Kf7 28. Qxh7+ Ke6 29. Qh3+ Kf7 30. g6+ Kxg6 31. Rg1+ Bxg1 32. Qg4+ Kf7 33. Qg7+ Ke6 34. Qg4+ Kxf6 35. Bg5+ Kf7 36. Qf5+ Kg7 37. Rxg1 Qd5+ 38. Rg2 Nf2+ 1/2-1/2

[Event "GER-chT U20"]
[Site "Kelheim"]
[Date "2007.12.28"]
[Round "3.5"]
[White "Sohl, Thies"]
[Black "Hofmann, Benjamin"]
[Result "0-1"]
[WhiteElo "1658"]
[BlackElo "1885"]
[PlyCount "69"]
[EventDate "2007.12.27"]
[EventType "team-swiss"]
[EventRounds "7"]
[EventCountry "GER"]
[SourceTitle "EXT 2022"]
[Source "ChessBase"]
[SourceDate "2021.10.06"]
[SourceVersion "1"]
[SourceVersionDate "2021.10.06"]
[SourceQuality "1"]
[WhiteTeam "Hofheim U20"]
[BlackTeam "Grossenseebach U20"]
[WhiteTeamCountry "GER"]
[BlackTeamCountry "GER"]

1. e4 c5 2. Nf3 Nc6 3. Bb5 d6 4. c3 Qb6 5. Ba4 Bd7 6. 0-0 Nf6 7. Re1 e5 8. d3 Be7 9. h3 0-0 10. Bg5 h6 11. Bh4 a6 12. Qc1 Rac8 13. Nbd2 Qc7 14. Nc4 b5 15. Ne3 bxa4 16. Nd5 Qd8 17. Bxf6 Bxf6 18. Nxf6+ Qxf6 19. Nd2 Ne7 20. Nc4 Rb8 21. Re3 Qe6 22. b3 f5 23. f4 fxe4 24. fxe5 d5 25. Nd2 Nf5 26. Re1 exd3 27. Qa3 c4 28. bxc4 dxc4 29. Kh2 Bc6 30. Qc5 Rb2 31. Ne4 Rb5 32. Qa3 Qxe5+ 33. Kh1 Bxe4 34. Qxa4 Bxg2+ 35. Kxg2 0-1

[Event "Regionalliga NO 0607"]
[Site "Bayern"]
[Date "2007.04.01"]
[Round "8.8"]
[White "Endres, Christian"]
[Black "Hofmann, Benjamin"]
[Result "1/2-1/2"]
[WhiteElo "1796"]
[BlackElo "1875"]
[PlyCount "25"]
[EventDate "2006.10.15"]
[EventType "team-tourn"]
[EventRounds "9"]
[EventCountry "GER"]
[SourceTitle "EXT 2008"]
[Source "ChessBase"]
[SourceDate "2007.11.25"]
[SourceVersion "1"]
[SourceVersionDate "2007.11.25"]
[SourceQuality "1"]
[WhiteTeam "Altensittenbach"]
[BlackTeam "Grieseebach"]
[WhiteTeamCountry "GER"]
[BlackTeamCountry "GER"]

1. Nf3 g6 2. c4 Bg7 3. g3 d6 4. d4 Nd7 5. Bg2 e5 6. dxe5 dxe5 7. Nc3 Ngf6 8. 0-0 0-0 9. Qc2 c6 10. Rd1 Qe7 11. e4 h6 12. h3 Re8 13. Be3 1/2-1/2

[Event "GER-chT U16"]
[Site "Berlin"]
[Date "2005.12.30"]
[Round "7.4"]
[White "Hofmann, Benjamin"]
[Black "Wenzel, Birger"]
[Result "1-0"]
[WhiteElo "2010"]
[BlackElo "1672"]
[PlyCount "73"]
[EventDate "2005.12.27"]
[EventType "team-swiss"]
[EventRounds "7"]
[EventCountry "GER"]
[SourceTitle "EXT 2022"]
[Source "ChessBase"]
[SourceDate "2021.10.06"]
[SourceVersion "1"]
[SourceVersionDate "2021.10.06"]
[SourceQuality "1"]
[WhiteTeam "Grossenseebach U16"]
[BlackTeam "Eppendorf Johanneum U16"]
[WhiteTeamCountry "GER"]
[BlackTeamCountry "GER"]

1. e4 e6 2. d4 d5 3. Nc3 Bb4 4. Nge2 Nc6 5. e5 f6 6. exf6 Qxf6 7. Be3 Nh6 8. Qd3 Ng4 9. h3 Nxe3 10. fxe3 0-0 11. 0-0-0 Qh6 12. Kb1 Ne7 13. e4 dxe4 14. Nxe4 Nd5 15. g4 Be7 16. h4 e5 17. g5 Qc6 18. dxe5 Nb4 19. Nd4 Nxd3 20. Nxc6 bxc6 21. Bxd3 Be6 22. Rhf1 Rad8 23. Rxf8+ Rxf8 24. Rf1 Rxf1+ 25. Bxf1 Bd5 26. Ng3 Be6 27. Ne4 Bd5 28. Ng3 g6 29. c4 Bf3 30. Be2 Bxe2 31. Nxe2 h6 32. Nf4 Kf7 33. gxh6 Bxh4 34. e6+ Kg8 35. Nxg6 Bg5 36. h7+ Kxh7 37. e7 1-0

[Event "Mittelfranken-chT 0405"]
[Site "Germany"]
[Date "2005.03.13"]
[Round "7.7"]
[White "Balhar, Michael"]
[Black "Hofmann, Benjamin"]
[Result "1/2-1/2"]
[WhiteElo "1642"]
[BlackElo "1732"]
[PlyCount "46"]
[EventDate "2004.10.17"]
[EventType "team"]
[EventRounds "9"]
[EventCountry "GER"]
[SourceTitle "EXT 2007"]
[Source "ChessBase"]
[SourceDate "2006.11.23"]
[SourceVersion "1"]
[SourceVersionDate "2006.11.23"]
[SourceQuality "1"]

1. d4 g6 2. e4 Bg7 3. c4 d6 4. Nc3 Nc6 5. Be3 e5 6. dxe5 dxe5 7. Qxd8+ Nxd8 8. Nf3 c6 9. h3 Ne6 10. 0-0-0 Ne7 11. g4 0-0 12. g5 b6 13. h4 Rd8 14. Rxd8+ Nxd8 15. Bh3 Bxh3 16. Rxh3 Ne6 17. Rh1 Nd4 18. Nh2 Rd8 19. Rd1 Ne6 20. Rxd8+ Nxd8 21. c5 b5 22. b4 Ne6 23. Ng4 Kf8 1/2-1/2

[Event "GER-chT U16"]
[Site "Dittrichshuette"]
[Date "2004.12.29"]
[Round "5"]
[White "Hofmann, Benjamin"]
[Black "Hummel, Dennis"]
[Result "0-1"]
[WhiteElo "1768"]
[BlackElo "1372"]
[PlyCount "146"]
[EventDate "2004.12.27"]
[EventType "team"]
[EventRounds "6"]
[EventCountry "GER"]
[SourceTitle "EXT 2006"]
[Source "ChessBase"]
[SourceDate "2005.11.24"]
[SourceVersion "1"]
[SourceVersionDate "2005.11.24"]
[SourceQuality "1"]

1. e4 e6 2. d4 d5 3. Nc3 Bb4 4. Nge2 dxe4 5. a3 Be7 6. Nxe4 Nf6 7. Qd3 Nbd7 8. N2c3 0-0 9. Bf4 Nxe4 10. Nxe4 b6 11. 0-0-0 Bb7 12. f3 Nf6 13. h4 a5 14. Nxf6+ Bxf6 15. Qe3 Re8 16. g4 Qd5 17. Be2 Rac8 18. g5 Be7 19. Kb1 c5 20. Be5 cxd4 21. Bxd4 Bc5 22. Bxc5 Qxc5 23. Qd2 b5 24. h5 b4 25. g6 fxg6 26. hxg6 h6 27. a4 Bd5 28. Rc1 Red8 29. Qf4 Qc7 30. Qg4 Qe5 31. Bd3 Qf6 32. Be4 Bxe4 33. fxe4 Rf8 34. Rh5 e5 35. Rf5 Qc6 36. Rxe5 Qxa4 37. Qe6+ Kh8 38. Rf5 Qe8 39. Qd5 Qxg6 40. Qxa5 Rxf5 41. exf5 Qg4 42. Qb5 h5 43. Qe5 Rf8 44. Rf1 Kh7 45. Qc5 Rf6 46. Rg1 Qxf5 47. Qxb4 g5 48. Qe7+ Kh6 49. Qe8 Rf8 50. Qc6+ Rf6 51. Qc4 Qe6 52. Qc3 h4 53. b4 Kh5 54. Qd3 Qf5 55. Qd8 Rf8 56. Qd7 Rf6 57. Qg7 h3 58. Qh8+ Rh6 59. Qe8+ Qg6 60. Qe2+ g4 61. Rd1 Qe6 62. Qb5+ Kh4 63. Qc5 Rf6 64. Qc7 Rh6 65. Qd8+ Qf6 66. Qb8 g3 67. Rd3 Rg6 68. Qa7 h2 69. Rd4+ Kh3 70. Qh7+ Rh6 71. Qd7+ Qe6 72. Qb7 Qe1+ 73. Kb2 h1Q 0-1

[Event "GER-chT U16"]
[Site "Dittrichshuette"]
[Date "2004.12.27"]
[Round "1"]
[White "Hofmann, Benjamin"]
[Black "Huth, Ricardo"]
[Result "1-0"]
[WhiteElo "1768"]
[BlackElo "1399"]
[PlyCount "51"]
[EventDate "2004.12.27"]
[EventType "team"]
[EventRounds "6"]
[EventCountry "GER"]
[SourceTitle "EXT 2006"]
[Source "ChessBase"]
[SourceDate "2005.11.24"]
[SourceVersion "1"]
[SourceVersionDate "2005.11.24"]
[SourceQuality "1"]

1. e4 c5 2. c3 d5 3. exd5 Qxd5 4. d4 Nc6 5. Nf3 Bg4 6. Be2 cxd4 7. cxd4 e6 8. Nc3 Qa5 9. 0-0 Nf6 10. Be3 Be7 11. h3 Bh5 12. Qb3 Qb4 13. Qxb4 Bxb4 14. a3 Be7 15. g4 Bg6 16. Ne5 Nxe5 17. dxe5 Nd5 18. Nxd5 exd5 19. Rfd1 0-0 20. Rxd5 Rfd8 21. Rad1 Kf8 22. Rxd8+ Bxd8 23. Bxa7 b6 24. Bf3 Rxa7 25. Rxd8+ Ke7 26. Rd6 1-0

[Event "GER-chT U16"]
[Site "Greifswald"]
[Date "2003.12.29"]
[Round "6.3"]
[White "Hofmann, Benjamin"]
[Black "Rutschke, Bernhard"]
[Result "1-0"]
[WhiteElo "1979"]
[BlackElo "1922"]
[PlyCount "89"]
[EventDate "2003.12.27"]
[EventType "team-swiss"]
[EventRounds "7"]
[EventCountry "GER"]
[SourceTitle "EXT 2022"]
[Source "ChessBase"]
[SourceDate "2021.10.06"]
[SourceVersion "1"]
[SourceVersionDate "2021.10.06"]
[SourceQuality "1"]
[WhiteTeam "Grossenseebach U16"]
[BlackTeam "Ruedersdorf Glueckauf U16"]
[WhiteTeamCountry "GER"]
[BlackTeamCountry "GER"]

1. e4 c5 2. c3 d5 3. exd5 Qxd5 4. d4 Nf6 5. Nf3 Bg4 6. Be2 e6 7. Be3 cxd4 8. cxd4 Be7 9. Nc3 Qa5 10. 0-0 0-0 11. h3 Bf5 12. Nh4 Nc6 13. Nxf5 Qxf5 14. Qb3 b6 15. Rac1 Nb4 16. Rfd1 Rfd8 17. a3 Nbd5 18. Nxd5 Nxd5 19. Bg4 Qf6 20. Bf3 h6 21. Rc2 Rab8 22. Bxd5 Rxd5 23. Rdc1 Bd6 24. Qa4 Qe7 25. Rc8+ Rxc8 26. Rxc8+ Kh7 27. Ra8 Ra5 28. Qc2+ g6 29. Qc8 Qf8 30. Qxf8 Bxf8 31. Rxf8 Kg7 32. Rc8 Rb5 33. Rc2 a5 34. Kf1 g5 35. Ke2 Rb3 36. Bc1 f5 37. Rc3 Rb5 38. Kd3 Rd5 39. f4 Kf6 40. g4 Rd6 41. Rc2 Kg6 42. Rg2 Rd5 43. fxg5 hxg5 44. gxf5+ Rxf5 45. Rxg5+ 1-0

[Event "Seebach op 14th"]
[Site "Grossenseebach"]
[Date "2003.06.22"]
[Round "7"]
[White "Hofmann, Benjamin"]
[Black "Puehn, Georg"]
[Result "1/2-1/2"]
[WhiteElo "1699"]
[BlackElo "1896"]
[PlyCount "35"]
[EventDate "2003.06.19"]
[EventType "swiss"]
[EventRounds "7"]
[EventCountry "GER"]
[SourceTitle "EXT 2018"]
[Source "ChessBase"]
[SourceDate "2017.10.13"]
[SourceVersion "1"]
[SourceVersionDate "2017.10.13"]
[SourceQuality "1"]

1. e4 c6 2. d4 d5 3. e5 Bf5 4. h4 h6 5. g4 Bh7 6. e6 Qd6 7. exf7+ Kxf7 8. Nf3 Nd7 9. Be3 Ngf6 10. g5 Ne4 11. Nbd2 e5 12. Bh3 exd4 13. Nxd4 Nxd2 14. Qxd2 Ne5 15. 0-0-0 Re8 16. Bf4 Qb4 17. Qxb4 Bxb4 18. Nf5 1/2-1/2

[Event "Seebach op 14th"]
[Site "Grossenseebach"]
[Date "2003.06.21"]
[Round "6"]
[White "Ulusoy, Tolga"]
[Black "Hofmann, Benjamin"]
[Result "0-1"]
[WhiteElo "1735"]
[BlackElo "1699"]
[PlyCount "97"]
[EventDate "2003.06.19"]
[EventType "swiss"]
[EventRounds "7"]
[EventCountry "GER"]
[SourceTitle "EXT 2018"]
[Source "ChessBase"]
[SourceDate "2017.10.13"]
[SourceVersion "1"]
[SourceVersionDate "2017.10.13"]
[SourceQuality "1"]

1. e4 g6 2. d4 Bg7 3. Nf3 d6 4. c4 Nf6 5. Nc3 0-0 6. Be2 Nbd7 7. 0-0 e5 8. Bg5 h6 9. Bc1 Kh7 10. d5 Ne8 11. b4 f5 12. Ne1 Nef6 13. f3 f4 14. Nd3 g5 15. c5 Rg8 16. cxd6 cxd6 17. Qc2 Nf8 18. a4 Bd7 19. Nb5 Rc8 20. Qb3 a6 21. Na3 b5 22. axb5 axb5 23. Bb2 Ng6 24. Rac1 Qb6+ 25. Nf2 h5 26. Rxc8 Rxc8 27. Rc1 Rxc1+ 28. Bxc1 g4 29. g3 gxf3 30. Bxf3 Ng4 31. Bxg4 hxg4 32. Qd3 Bh6 33. Bd2 Qa6 34. Qc3 fxg3 35. hxg3 Bxd2 36. Qc7 Nf8 37. Qd8 Qxa3 38. Qxf8 Qxg3+ 39. Kf1 Qf4 40. Qe7+ Kg8 41. Qd8+ Qf8 42. Qxd7 Bxb4 43. Qxb5 g3 44. Qe2 Qxf2+ 45. Qxf2 gxf2 46. Kxf2 Kf7 47. Kg3 Kg6 48. Kg4 Be1 49. Kf3 0-1

[Event "Seebach op 14th"]
[Site "Grossenseebach"]
[Date "2003.06.20"]
[Round "3"]
[White "Hofmann, Benjamin"]
[Black "Lange, Carsten"]
[Result "1/2-1/2"]
[WhiteElo "1699"]
[BlackElo "1956"]
[PlyCount "51"]
[EventDate "2003.06.19"]
[EventType "swiss"]
[EventRounds "7"]
[EventCountry "GER"]
[SourceTitle "EXT 2018"]
[Source "ChessBase"]
[SourceDate "2017.10.13"]
[SourceVersion "1"]
[SourceVersionDate "2017.10.13"]
[SourceQuality "1"]

1. e4 c5 2. c3 Nf6 3. d3 Nc6 4. f4 d5 5. e5 Nd7 6. d4 e6 7. Nf3 Qb6 8. Be2 f6 9. 0-0 cxd4 10. cxd4 Nxd4 11. Kh1 Nxe2 12. Qxe2 Bc5 13. Nc3 Qa6 14. Qe1 0-0 15. Be3 Bxe3 16. Qxe3 Qb6 17. Qd2 fxe5 18. fxe5 Rf5 19. Rae1 Nf8 20. Ng5 Qc5 21. Rxf5 exf5 22. e6 Ng6 23. Qxd5 Qxd5 24. Nxd5 h6 25. e7 Bd7 26. Ne6 1/2-1/2

[Event "Seebach op 14th"]
[Site "Grossenseebach"]
[Date "2003.06.19"]
[Round "2"]
[White "Vogiatzis, Joannis"]
[Black "Hofmann, Benjamin"]
[Result "1-0"]
[WhiteElo "1814"]
[BlackElo "1699"]
[PlyCount "74"]
[EventDate "2003.06.19"]
[EventType "swiss"]
[EventRounds "7"]
[EventCountry "GER"]
[SourceTitle "EXT 2018"]
[Source "ChessBase"]
[SourceDate "2017.10.13"]
[SourceVersion "1"]
[SourceVersionDate "2017.10.13"]
[SourceQuality "1"]

1. e4 g6 2. Bc4 d6 3. Nf3 Bg7 4. c3 Nf6 5. d3 0-0 6. Bb3 e5 7. Nbd2 c6 8. 0-0 Nbd7 9. Re1 Qe7 10. Nf1 Kh8 11. Ng3 Nc5 12. Bc2 Ne6 13. a4 Qc7 14. a5 Bd7 15. h3 h6 16. Be3 Kh7 17. Qd2 b6 18. axb6 axb6 19. d4 Rfb8 20. Red1 Bf8 21. Ne2 Rd8 22. g4 g5 23. Ng3 Nf4 24. Bxf4 gxf4 25. Nf5 Bxf5 26. gxf5 Be7 27. Kh2 Rxa1 28. Rxa1 Kh8 29. Qe2 b5 30. b4 Nd7 31. Bb3 f6 32. Nh4 Nb8 33. Qh5 Bf8 34. Ng6+ Kh7 35. Nxf8+ Rxf8 36. Qg6+ Kh8 37. Qxh6+ Qh7 1-0